000 00748nam a2200217 u 4500
005 20240913063842.0
008 091013s2007 ag r 000 0 spa d
020 _a9789506025762
035 _aUPN01000173092
049 _aCG
050 4 _aDC36.98 T6.3
_bC2.7
100 1 _aCapdevila, Nestor
245 1 0 _aTocqueville y las fronteras de la democracia /
_cNestor Capdevila ; tr. de Haber Cardoso.
260 _aBuenos Aires :
_bNueva Visión,
_c2007.
300 _a124 p.
440 0 _aClaves.
_pPerfiles
534 _pTitulo original:
_tTocqueville et les frontieres de la démocratie
600 1 4 _aTOCQUEVILLE, CHARLES ALEXIS HENRI CLEREL DE,
_d1805-1859 -
_xCRITICA E INTERPRETACION
_914404
650 4 _aDemocracia
_96020
905 _aLibro
999 _c145196
_d145196